zpět

Detail výsledku týmu

Za Vodojemem, Chrudim

Datum a čas kvízu

17 Celkem bodů Celkový počet nahraných bodů na tomto kvízu bez doplňovacích otázek.
8. Pořadí na kvízu Konečné umístění týmu na tomto kvízu.

Zaznamenané odpovědi

# Otázka Odpověď Body Výsledky
1. Předsedou KDU-ČSL se na pátečn... Marek Výborný 1
2. Papež František proslul tím, ž... papež si nenechal políbit prsten a vždy ucuknul 1
3. Čtvrté manželství amerického h... Nicolas Cage 0
4. Po Zootu se v problémech ocitá... Kulina.cz 0
5. Doplňte jedním slovem dialog,... popelník 1
6. Vaším úkolem bude uhodnout kře... Jaroslav / Tomáš Satoranský 1
7. Čtvrté nejčastější příjmení v... Petr / Pavel / Petra Svoboda 0
8. Nejstarším z další trojice je... Emanuel / David Moravec; Nikol Moravcová 0
9. Tento anglický herec, držitel... Clive / Michael Owen 0
10. Americký politik a aktivista,... John / James / Melanie Brown 0